| LEADER | 00735nam a2200181 4500 | ||
|---|---|---|---|
| 999 | |c 4961 |d 4961 | ||
| 082 | |a 420.76 |b SC 400T | ||
| 100 | |a Scott Lyn | ||
| 245 | |a Natural English: |c Lyn Scott,David Scott |b Pre-Intermediate workbook with key | ||
| 260 | |a Anh |b Oxford University |c 2010 | ||
| 300 | |a 78 tr. |c 29 cm | ||
| 520 | |a v..v | ||
| 653 | |a Ngôn ngữ | ||
| 653 | |a Tiếng Anh | ||
| 653 | |a Bài tập | ||
| 942 | |2 ddc |c STK0 | ||
| 952 | |0 0 |1 0 |2 ddc |4 0 |6 420_076000000000000_SC_400T |7 0 |8 400 |9 45920 |a qbu |b qbu |c D4 |d 2014-12-20 |g 195000 |o 420.076 SC 400T |p 2607.c1 |r 0000-00-00 |w 2014-12-20 |y STK0 | ||
| 952 | |0 0 |1 0 |2 ddc |4 0 |6 420_076000000000000_SC_400T |7 0 |8 400 |9 45921 |a qbu |b qbu |c D4 |d 2014-12-20 |g 195000 |o 420.076 SC 400T |p 2607.c2 |r 0000-00-00 |w 2014-12-20 |y STK0 | ||